000 00794nam a2200265 a 4500
005 20180803164950.0
008 140304b1983 ck ||||| |||| 00| 0 spa d
020 _a8489209233
040 _aCO-BoIAVH
_cCO-BoIAVH
041 _aspa
044 _ack
082 _a925
_bE37m
245 0 0 _aMutis y la expedición botánica (documentos)
250 _aSegunda edición
260 _aBogotá :
_bAncora Editores,
_c1983.
300 _a189 páginas :
_bilustraciones a color ;
_c18 x 11 cm.
600 _aMutis, Jose Celestino
650 1 4 _aExpedición botánica
650 1 4 _aHistoria natural
650 1 4 _aBotánica y Quinología
650 1 4 _aMedicina
650 1 4 _aEcología
710 _ael Áncora Editores
942 _cLIBRO
_2ddc
999 _c2091
_d2091